V Bratislave si už zvykla rozhovor s volejbalistkou Vladislavou Boršovskou

Bibliographic Details
Main Authors: (MV) (Author, Interviewer), Boršovská, Vladislava (Author)
Format: Article
Language:Slovak
PhysicalDescription:Fotogr.
Subjects:

MARC

LEADER 00000nab a2200000 a 4500
001 vtls001496537
003 SK-MaSNL
005 20260303192415.0
008 050221c2005 xo wr|p|||||||000 b|slo
015 |a SNBRB2005  |2 sllk 
038 |a SLLK 
040 |a SLLK  |b slo  |c SLLK  |e AACR2 
041 0 |a slo 
044 |a xo  |c SK 
080 |a 796.325-051  |2 UDC-MRF-SK2 
100 0 |a (MV)  |4 ivr  |4 aut  |9 846403 
245 1 0 |a V Bratislave si už zvykla  |b rozhovor s volejbalistkou Vladislavou Boršovskou  |c [zhováral sa] (mv) 
300 |b Fotogr. 
600 1 7 |a Boršovská, Vladislava  |2 sllk  |9 1222853 
610 1 7 |a Slávia UK (Bratislava, Slovensko)  |2 sllk  |9 1222854 
650 0 7 |a volejbal  |2 sllk  |9 3294 
651 7 |a Stará Ľubovňa (Slovensko)  |2 sllk  |9 19193 
700 1 |a Boršovská, Vladislava  |4 ive  |4 aut  |9 1222853 
773 0 |t Ľubovnianske noviny  |g Roč. XXXI, č. 5 (2005) s. 6 
852 |a SLLK  |b KIS3GCP 
999 |c 2146003  |d 2147933